Capitals Beginning with D and F - Statistics

General Stats
  • This quiz has been taken 602 times
    509 since last reset
  • The average score is 8 of 11
Answer Stats
Capital % Correct
Dakar
81%
Dhaka
80%
Dili
79%
Djibouti
76%
Dublin
76%
Damascus
75%
Dodoma
72%
Dushanbe
72%
Funafuti
72%
Doha
71%
Freetown
66%
No matching quizzes found
Score Distribution
Percent of People with Each Score
Percentile by Number Answered
Your Score History
You have not taken this quiz since the last reset